Reflexiones para una educación responsable

Gorde:
Xehetasun bibliografikoak
Egile nagusia: Villalobos Pérez-Cortés, Elvira Marveya (Egilea)
Formatua: Liburua
Hizkuntza:gaztelania
Argitaratua: Buenos Aires Braga 1994
Edizioa:1a. ed
Saila:Colección Didáctica Operativa
Gaiak:
Etiketak: Etiketa erantsi
Etiketarik gabe, Izan zaitez lehena erregistro honi etiketa jartzen!

MARC

LEADER 00000nam a2200000 a 4500
001 UCK6193
003 CL-VaPUC
008 050909e19940000AG |||||||||||||||||spa|d
020 |a 9507551220 
082 0 4 |a 370.1  |b VIL  |2 21 
100 0 |a Villalobos Pérez-Cortés, Elvira Marveya  |e author  |9 495234 
245 1 0 |a Reflexiones para una educación responsable 
250 |a 1a. ed 
300 |a 89 p 
942 |c BK 
945 |d 20050909 00:00:00  |a cmena 
260 |a Buenos Aires  |b Braga  |c 1994 
650 0 |a Filosofía de la educación   |9 258384 
650 0 |a Responsabilidad social  |9 339076 
650 0 |a Cambio social   |9 256857 
650 0 |a Métodos de enseñanza  |9 270413 
650 0 |a Planificación del currículo  |9 269599 
650 0 |a Rol del docente  |9 329733 
583 |a last modification  |c 20050909 00:00:00  |k Rodrigo Vera 
490 0 |a Colección Didáctica Operativa 
999 |c 314504  |d 314502 
952 |0 0  |1 0  |4 0  |6 370_100000000000000_VIL_1994  |7 0  |8 A  |9 386807  |a BIBEDU  |b BIBEDU  |d 2019-11-22  |i 4155580  |o 370.1 VIL 1994  |p 4155580  |r 2019-11-22  |w 2019-11-22  |y BK  |k EBA